000
00316nam a2200121Ia 4500
008
210430s9999 xx 000 0 und d
082
_a
572 Z93 B
100
_a
Geoffrey Zubay
245
_a
Biochemistry
_c
Geoffrey Zubay
260
_a
Islamabad
_b
National Book Foundation
_c
1988
300
_a
1266p
942
_c
BK
_2
ddc
999
_c
562813
_d
562813